Bioinformatics : (Record no. 51575)

MARC details
000 -LEADER
fixed length control field 00680nam a2200241Ia 4500
005 - DATE AND TIME OF LATEST TRANSACTION
control field 20260429111941.0
008 - FIXED-LENGTH DATA ELEMENTS--GENERAL INFORMATION
fixed length control field 260429s9999||||xx |||||||||||||| ||und||
020 ## - INTERNATIONAL STANDARD BOOK NUMBER
International Standard Book Number 9789354438219
041 ## - LANGUAGE CODE
Language English
082 ## - DEWEY DECIMAL CLASSIFICATION NUMBER
Classification number 570.285
Item number RAS
100 ## - MAIN ENTRY--PERSONAL NAME
Personal name Rastogi, S.C.
245 #0 - TITLE STATEMENT
Title Bioinformatics :
Remainder of title methods and applications genomics, proteomics and drug discovery /
Statement of responsibility, etc S.C. Rastogi
250 ## - EDITION STATEMENT
Edition statement 5th ed.
260 ## - PUBLICATION, DISTRIBUTION, ETC. (IMPRINT)
Place of publication, distribution, etc New Delhi :
Name of publisher, distributor, etc PHI Learning,
Date of publication, distribution, etc 2024.
300 ## - PHYSICAL DESCRIPTION
Extent xxii, 602 p.; pbk
650 ## - SUBJECT ADDED ENTRY--TOPICAL TERM
Topical term or geographic name as entry element Drug discovery
650 ## - SUBJECT ADDED ENTRY--TOPICAL TERM
Topical term or geographic name as entry element Genomics
650 ## - SUBJECT ADDED ENTRY--TOPICAL TERM
Topical term or geographic name as entry element Proteomics
650 ## - SUBJECT ADDED ENTRY--TOPICAL TERM
Topical term or geographic name as entry element Bioinformatics
700 ## - ADDED ENTRY--PERSONAL NAME
Personal name Mendiratta, Namita
700 ## - ADDED ENTRY--PERSONAL NAME
Personal name Rastogi, Parag
942 ## - ADDED ENTRY ELEMENTS (KOHA)
Koha item type Text Books
Holdings
Withdrawn status Lost status Damaged status Not for loan Collection code Home library Location Shelving location Date of Cataloging Source of acquisition Total Checkouts Full call number Barcode Date last seen Price effective from Koha item type
        Non-fiction CUTN Central Library CUTN Central Library Sciences 29/04/2026 Chennai Book Agency, Chennai - Invoice No. 24-25/0154 on 10-02-2026   570.285 RAS 56603 29/04/2026 29/04/2026 Text Books